[Event "reinaldo"]
[Site "http://www.queenalice.com/game.php?id=68457"]
[Date "2006.5.11"]
[Round "-"]
[White "eduarmi"]
[Black "reinaldo"]
[Result "1-0"]
[WhiteElo "1753"]
[BlackElo "1025"]

1. e4 e5 2. Nf3 Nf6 3. Bc4 Nc6 4. Nc3 Be7 5. d4 exd4 6. Nxd4 Ne5 7. Bb3 d6 8.
Be3 O-O 9. O-O b6 10. Nd5 Bb7 11. Nxf6+ Bxf6 12. f3 Bg5 13. f4 Bh6 14. Nf5 Ng6
15. Nxh6+ gxh6 16. f5 Ne5 17. Bxh6 Qh4 18. Bxf8 Rxf8 19. Bd5 Bxd5 20. exd5 Ng4
21. h3 Ne3 22. Qf3 Nxf1 23. Rxf1 1-0

[Event "AUTO-INT-93"]
[Site "http://www.queenalice.com/game.php?id=68701"]
[Date "2006.5.12"]
[Round "1"]
[White "knightsdefence"]
[Black "reinaldo"]
[Result "0-1"]
[WhiteElo "923"]
[BlackElo "900"]

1. e4 c5 2. c3 d6 3. d4 cxd4 4. cxd4 Nf6 5. Nc3 g6 6. Nf3 Bg7 7. Be2 O-O 8. O-O
Bg4 9. a3 Nbd7 10. Qd3 Qc7 11. Bd1 Rac8 12. Bc2 a6 13. d5 Bxf3 14. Qxf3 Ne5 15.
Qe2 Rfd8 16. Bd2 Nc4 17. b3 Nxd2 18. Qxd2 Qxc3 19. Qxc3 Rxc3 20. Rac1 Rdc8 21.
f4 Rxc2 22. Rxc2 Rxc2 0-1

[Event "AUTO-INT-93"]
[Site "http://www.queenalice.com/game.php?id=68702"]
[Date "2006.5.12"]
[Round "1"]
[White "reinaldo"]
[Black "knightsdefence"]
[Result "1-0"]
[WhiteElo "985"]
[BlackElo "908"]

1. d4 d5 2. c4 c6 3. Nf3 Bg4 4. e3 Bxf3 5. Qxf3 e6 6. cxd5 cxd5 7. Bb5+ Nc6 8.
O-O Qf6 9. Qg3 Ne7 10. Nd2 Nc8 11. b3 Be7 12. Bb2 O-O 13. Bd3 Bd6 14. Qh3 h6 15.
Rac1 N8e7 16. a3 a6 17. e4 Nxd4 18. Ba1 Bxa3 19. Rc7 Rab8 20. Kh1 Bd6 21. Rd7
Be5 22. Nf3 Rfd8 23. Rxe7 Nxf3 24. Bxe5 Nxe5 25. Rc7 Nxd3 26. Qxd3 Rdc8 27.
Rxc8+ Rxc8 28. exd5 1-0

[Event "AUTO-INT-93"]
[Site "http://www.queenalice.com/game.php?id=68719"]
[Date "2006.5.12"]
[Round "1"]
[White "reinaldo"]
[Black "claudiocaire"]
[Result "0-1"]
[WhiteElo "1053"]
[BlackElo "1426"]

1. d4 c6 2. c4 e6 3. Nc3 Qf6 4. Nf3 Na6 5. Bg5 Qf5 6. e3 Qg6 7. Bd3 f5 8. h4 d5
9. Ne5 Qxg5 10. hxg5 dxc4 11. Bxc4 Bb4 12. Qh5+ g6 13. Nxg6 hxg6 14. Qxh8 Bd7
15. Qxg8+ Bf8 16. Qxg6+ Ke7 17. Rh7+ Kd8 18. Bxe6 Kc7 19. Rxd7+ Kb6 20. Qxf5 Nc7
21. Na4+ Ka6 0-1

[Event "AUTO-INT-93"]
[Site "http://www.queenalice.com/game.php?id=68720"]
[Date "2006.5.12"]
[Round "1"]
[White "claudiocaire"]
[Black "reinaldo"]
[Result "1-0"]
[WhiteElo "1428"]
[BlackElo "1051"]

1. c3 d5 2. e3 Nf6 3. Nf3 Bf5 4. Ne5 Nbd7 5. Nxd7 Qxd7 6. Qb3 b6 7. Bb5 c6 8.
Bf1 e5 9. Qa4 Bd6 10. Be2 O-O 11. O-O Qc7 12. c4 e4 13. cxd5 Bxh2+ 14. Kh1 cxd5
15. g3 Bxg3 16. Nc3 Bh4 17. f4 exf3 18. Bxf3 Qg3 19. Ne2 Qh3+ 20. Kg1 Ng4 21.
Bxg4 1-0

[Event "AUTO-INT-93"]
[Site "http://www.queenalice.com/game.php?id=68721"]
[Date "2006.5.12"]
[Round "1"]
[White "reinaldo"]
[Black "kahector"]
[Result "0-1"]
[WhiteElo "1050"]
[BlackElo "1597"]

1. d4 d5 2. c4 dxc4 3. e4 Nc6 4. Nf3 Bg4 5. d5 Bxf3 6. Qxf3 Nd4 7. Qc3 c5 8. Be3
b5 9. Bxd4 cxd4 10. Qxd4 Nh6 11. Be2 e6 12. O-O exd5 13. exd5 Nf5 0-1

[Event "AUTO-INT-93"]
[Site "http://www.queenalice.com/game.php?id=68722"]
[Date "2006.5.12"]
[Round "1"]
[White "kahector"]
[Black "reinaldo"]
[Result "1-0"]
[WhiteElo "1599"]
[BlackElo "1050"]

1. c4 c6 2. d4 d5 3. e3 Nf6 4. Nc3 Bf5 5. Bd3 Bg6 6. Bxg6 hxg6 7. Nf3 Qc7 8. c5
Nbd7 9. O-O e5 10. Re1 e4 11. Ng5 Qxh2+ 12. Kf1 Qh1+ 13. Ke2 Qh5+ 14. Nf3 1-0

[Event "AUTO-OPEN-268"]
[Site "http://www.queenalice.com/game.php?id=68754"]
[Date "2006.5.12"]
[Round "1"]
[White "claudiocaire"]
[Black "reinaldo"]
[Result "0-1"]
[WhiteElo "1376"]
[BlackElo "1007"]

1. e4 e5 2. Qf3 Nf6 3. Qb3 Nc6 4. Nf3 Be7 5. Ng5 O-O 6. Be2 h6 7. Nf3 Nxe4 8.
O-O d6 9. d3 Nf6 10. Nh4 Nd4 11. Qb4 Nxe2+ 12. Kh1 Nxc1 13. Rxc1 b6 14. Qd2 Ne4
15. dxe4 Bg5 16. Qc3 Bxc1 17. g4 Qxh4 18. Qxc7 Qxf2 19. Nc3 Bf4 20. Ne2 Qxh2#
0-1

[Event "AUTO-OPEN-268"]
[Site "http://www.queenalice.com/game.php?id=68755"]
[Date "2006.5.12"]
[Round "1"]
[White "reinaldo"]
[Black "claudiocaire"]
[Result "0-1"]
[WhiteElo "1066"]
[BlackElo "1416"]

1. d4 c6 2. c4 e6 3. Nc3 Qf6 4. Nf3 Na6 5. Bg5 Qf5 6. e4 Qg6 7. Bd3 d5 8. exd5
Qh5 9. h3 Nb4 10. Bb1 f5 11. Qe2 cxd5 12. cxd5 Ne7 13. dxe6 Bxe6 14. Qxe6 Qg6
15. Qxg6+ Nxg6 16. O-O Nd3 17. Bxd3 Bd6 18. Rfe1+ Kf8 19. Re6 Bc7 0-1

[Event "AUTO-OPEN-268"]
[Site "http://www.queenalice.com/game.php?id=68782"]
[Date "2006.5.12"]
[Round "1"]
[White "reinaldo"]
[Black "csadler"]
[Result "1-0"]
[WhiteElo "985"]
[BlackElo "1786"]

1. d4 Nf6 2. c4 e6 3. Nf3 b6 4. Bg5 Bb7 5. Nc3 Bb4 6. e3 O-O 7. Be2 c5 8. O-O d5
9. a3 cxd4 10. Nxd4 Bxc3 11. bxc3 Nbd7 12. Bf3 Qc7 13. cxd5 Bxd5 14. Rc1 Bxf3
15. Qxf3 h6 16. Bh4 Ne5 17. Qg3 g5 18. Bxg5 hxg5 19. Qxg5+ Ng6 20. Qxf6 Qc5 21.
h4 Qh5 22. Nf3 Rac8 23. Rfd1 Kh7 24. Rd7 Kg8 25. Ng5 Nxh4 26. Nxe6 Qg6 27. Qxg6+
Nxg6 28. Nxf8 1-0

[Event "AUTO-OPEN-268"]
[Site "http://www.queenalice.com/game.php?id=68783"]
[Date "2006.5.12"]
[Round "1"]
[White "csadler"]
[Black "reinaldo"]
[Result "1-0"]
[WhiteElo "1797"]
[BlackElo "985"]

1. Nf3 d5 2. d4 c6 3. Nc3 Nf6 4. Bg5 e6 5. Bxf6 Qxf6 6. e4 Bb4 7. e5 Qe7 8. Bd3
Nd7 9. O-O O-O 10. Ne2 c5 11. c3 Ba5 12. Ng3 cxd4 13. cxd4 Bc7 14. h4 f6 15.
Bxh7+ Kxh7 16. exf6 Qxf6 17. Qc2+ Kg8 18. Qxc7 Rf7 19. Ng5 Re7 20. Nh5 Qh6 21.
Qd8+ 1-0

[Event "AUTO-INT-94"]
[Site "http://www.queenalice.com/game.php?id=69459"]
[Date "2006.5.16"]
[Round "1"]
[White "DaniEu10"]
[Black "reinaldo"]
[Result "1-0"]
[WhiteElo "1602"]
[BlackElo "1062"]

1. e4 c5 2. c3 d6 3. d4 cxd4 4. cxd4 Nf6 5. Nc3 Nc6 6. Nf3 Bg4 7. Be2 e6 8. h3
Bh5 9. O-O Be7 10. Qb3 Qc7 11. Nb5 Qd7 12. d5 exd5 13. exd5 Ne5 14. Nbd4 Nxf3+
15. Bxf3 Bxf3 16. Nxf3 O-O 17. Re1 Rfe8 18. Nd4 a6 19. Qg3 Bf8 20. Bh6 1-0

[Event "AUTO-INT-94"]
[Site "http://www.queenalice.com/game.php?id=69460"]
[Date "2006.5.16"]
[Round "1"]
[White "reinaldo"]
[Black "DaniEu10"]
[Result "0-1"]
[WhiteElo "1062"]
[BlackElo "1604"]

1. d4 d5 2. c4 c6 3. Nc3 Nf6 4. Bg5 Nbd7 5. e3 h6 6. Bh4 e6 7. Nf3 a6 8. c5 Be7
9. Bd3 O-O 10. O-O b6 11. b4 a5 12. a3 Qc7 13. h3 e5 14. Bg3 Nh5 15. Bxe5 Nxe5
16. Nxe5 bxc5 17. bxc5 Bxc5 18. Qxh5 Bd6 19. Rac1 Re8 20. Nb5 Qe7 0-1

[Event "AUTO-INT-94"]
[Site "http://www.queenalice.com/game.php?id=69477"]
[Date "2006.5.16"]
[Round "1"]
[White "reinaldo"]
[Black "kahector"]
[Result "0-1"]
[WhiteElo "1050"]
[BlackElo "1601"]

1. d4 d5 2. c4 dxc4 3. e4 e6 4. Bxc4 Nf6 5. Nc3 Bb4 6. Bg5 h6 7. Bh4 g5 8. Bg3
Nxe4 9. Ne2 O-O 10. Qc2 Bxc3+ 11. bxc3 Nc6 0-1

[Event "AUTO-INT-94"]
[Site "http://www.queenalice.com/game.php?id=69478"]
[Date "2006.5.16"]
[Round "1"]
[White "kahector"]
[Black "reinaldo"]
[Result "1-0"]
[WhiteElo "1603"]
[BlackElo "1050"]

1. e4 c5 2. d4 cxd4 3. Qxd4 Nc6 4. Qd1 Nf6 5. Nc3 d6 6. Bb5 a6 7. Bc4 e6 8. Bg5
Be7 9. Nf3 O-O 10. O-O b5 11. Bb3 Qc7 12. Re1 1-0

[Event "AUTO-INT-94"]
[Site "http://www.queenalice.com/game.php?id=69479"]
[Date "2006.5.16"]
[Round "1"]
[White "reinaldo"]
[Black "Jamtony"]
[Result "0-1"]
[WhiteElo "1015"]
[BlackElo "1318"]

1. d4 e6 2. c4 Bb4+ 3. Nc3 Nc6 4. e4 Nf6 5. Bg5 h6 6. Bxf6 gxf6 7. Ne2 b6 8. a3
Bd6 9. d5 Na5 10. Ng3 Bf4 11. Bd3 f5 12. exf5 c6 13. dxe6 dxe6 0-1

[Event "AUTO-INT-94"]
[Site "http://www.queenalice.com/game.php?id=69480"]
[Date "2006.5.16"]
[Round "1"]
[White "Jamtony"]
[Black "reinaldo"]
[Result "1-0"]
[WhiteElo "1313"]
[BlackElo "1025"]

1. e3 c5 2. Bc4 Nf6 3. Qf3 e6 4. Nc3 d5 5. Bb3 Be7 6. Ba4+ Bd7 7. Qg3 Bxa4 8.
Nxa4 O-O 9. h4 a6 10. b3 Nc6 11. Rh3 d4 12. h5 d3 13. h6 g6 14. Nf3 1-0